[Event "27th Czech Open A 2016"]
[Site "Pardubice CZE"]
[Date "2016.07.24"]
[Round "3.88"]
[White "Bebel, Arkadiusz"]
[Black "Tornay Gomez, Josu"]
[Result "1-0"]
[WhiteTitle "FM"]
[WhiteElo "2298"]
[BlackElo "2088"]
[WhiteFideId "1132679"]
[BlackFideId "2255812"]
[EventDate "2016.07.22"]

1. e4 c5 2. c3 g6 3. d4 cxd4 4. cxd4 d5 5. e5 Bg7 6. Nc3 Nc6 7. h3 f6 8. f4 Nh6
9. g4 O-O 10. Bg2 fxe5 11. fxe5 Be6 12. Be3 Nf7 13. Nge2 Qb6 14. Qd2 Rad8 15.
Na4 Qb4 16. Nc5 Bc8 17. Nd3 Qb6 18. Ndf4 e6 19. h4 Bd7 20. Nd3 a5 21. h5 a4 22.
hxg6 hxg6 23. Ndf4 Ne7 24. Nc3 Be8 25. Rd1 Nh8 26. a3 Nf7 27. Nd3 Nc6 28. Nxa4
Qa7 29. Nac5 Nfxe5 30. dxe5 d4 31. Bh6 Nxe5 32. Bxg7 Nxd3+ 33. Nxd3 Qb8 34. Rh8+
Kxg7 35. Qh6+ Kf6 36. Rxf8+ Bf7 37. Rxd8 Qg3+ 38. Kf1 1-0

[Event "27th Czech Open A 2016"]
[Site "Pardubice CZE"]
[Date "2016.07.24"]
[Round "3.89"]
[White "Semjonovs, Ilja"]
[Black "Dhanush, Bharadwaj"]
[Result "0-1"]
[WhiteElo "2181"]
[BlackElo "2296"]
[WhiteFideId "11604263"]
[BlackFideId "25058746"]
[EventDate "2016.07.22"]

1. e4 c5 2. Nf3 d6 3. d4 cxd4 4. Nxd4 Nf6 5. Nc3 a6 6. Be3 e5 7. Nb3 Be6 8. f3
Nbd7 9. Qd2 Be7 10. O-O-O b5 11. g4 b4 12. Nd5 Bxd5 13. exd5 Nb6 14. Bxb6 Qxb6
15. Qd3 O-O 16. Kb1 Rfc8 17. Nd2 Qb7 18. Ne4 a5 19. Nxf6+ Bxf6 20. Qe4 a4 21.
Bc4 Rc5 22. h4 g6 23. g5 Bg7 24. h5 Qc7 25. b3 axb3 26. cxb3 Rca5 27. a4 bxa3
28. Ka2 Rc5 29. hxg6 hxg6 30. Rd2 Qd8 31. Rg1 Rb8 32. Rgg2 Rb4 33. Rc2 Qa5 34.
f4 Rb8 35. f5 gxf5 36. Qxf5 Qc7 37. g6 f6 38. Qh5 Qb7 39. Qh7+ Kf8 40. Rcf2 Rxc4
41. Qh3 Qc8 42. Qh5 Rf4 43. Rc2 Qb7 44. Rg3 Qb6 45. Qh2 Qb7 46. Rh3 Ke7 47. Rhc3
Kf8 48. Rh3 Qxd5 0-1

[Event "27th Czech Open A 2016"]
[Site "Pardubice CZE"]
[Date "2016.07.24"]
[Round "3.90"]
[White "Swicarz, Maciej"]
[Black "Ptacek, Tomas"]
[Result "1-0"]
[WhiteElo "2292"]
[BlackElo "2052"]
[WhiteFideId "1113585"]
[BlackFideId "349119"]
[EventDate "2016.07.22"]

1. e4 c5 2. Nc3 e6 3. Nf3 Nc6 4. d4 cxd4 5. Nxd4 a6 6. Be2 Qc7 7. O-O Nf6 8. a3
b5 9. Kh1 Bb7 10. f4 d6 11. Bf3 Be7 12. Nde2 Rd8 13. b3 d5 14. e5 Ne4 15. Bb2
Bc5 16. Qe1 Ne7 17. Nd1 h5 18. b4 Bb6 19. Bd4 Nf5 20. Bxb6 Qxb6 21. c3 h4 22.
Bg4 Neg3+ 23. Nxg3 hxg3 24. h3 Nh4 25. Qxg3 d4 26. Ra2 Be4 27. Re1 Qb7 28. Rae2
Bg6 29. cxd4 Rxd4 30. Nc3 Rd3 31. Re3 Qc6 32. Rxd3 Bxd3 33. Rd1 Qxc3 34. Rxd3
Qc1+ 35. Rd1 Qc2 36. Kh2 Nf5 37. Qd3 Qxd3 38. Rxd3 Ke7 39. Bxf5 exf5 40. Rd6 Rc8
41. Rxa6 Rc3 42. h4 g6 43. g3 Kd7 44. Ra5 Rb3 45. Rxb5 Rxa3 46. Rb7+ Ke6 47.
Rb6+ Ke7 48. h5 gxh5 49. Rf6 Rb3 50. Rxf5 Rxb4 51. Rxh5 Re4 1-0

[Event "27th Czech Open A 2016"]
[Site "Pardubice CZE"]
[Date "2016.07.25"]
[Round "4.1"]
[White "Gutman, Gennadi"]
[Black "Potapov, Alexander1"]
[Result "1/2-1/2"]
[WhiteTitle "GM"]
[BlackTitle "GM"]
[WhiteElo "2473"]
[BlackElo "2401"]
[WhiteFideId "14102277"]
[BlackFideId "4115074"]
[EventDate "2016.07.22"]

1. d4 f5 2. g3 Nf6 3. Bg2 g6 4. Nf3 Bg7 5. O-O O-O 6. c4 d6 7. Nc3 c6 8. Rb1 a5
9. d5 e5 10. dxe6 Bxe6 11. b3 Qe7 12. Ba3 Rd8 13. Nd4 Bf7 14. Re1 Ne4 15. Nxe4
fxe4 16. Nc2 Na6 17. Ne3 Nb4 18. Bb2 d5 19. Bxg7 Kxg7 20. cxd5 cxd5 21. Qd4+ Qf6
22. Qxf6+ Kxf6 23. a3 Nc6 24. f4 Be6 25. Rec1 Rac8 26. Nc2 Bf5 27. b4 d4 28.
bxa5 Nxa5 29. Nb4 h5 30. Rxc8 Rxc8 31. Rd1 Nb3 32. h3 b5 33. Kf1 e3 34. Kg1 Rd8
35. Bc6 d3 36. exd3 Nd4 37. Bg2 Ne2+ 38. Kh2 Nc3 39. Re1 e2 40. Bf3 Bxd3 41.
Nxd3 Rxd3 42. Kg2 Rd2 43. Kf2 Ra2 44. Bxe2 Rxa3 45. Bd3 Nd5 1/2-1/2

[Event "27th Czech Open A 2016"]
[Site "Pardubice CZE"]
[Date "2016.07.25"]
[Round "4.2"]
[White "Anurag, Mhamal"]
[Black "Ladva, Ottomar"]
[Result "1/2-1/2"]
[WhiteTitle "IM"]
[BlackTitle "IM"]
[WhiteElo "2392"]
[BlackElo "2443"]
[WhiteFideId "5024366"]
[BlackFideId "4500024"]
[EventDate "2016.07.22"]

1. c4 e6 2. g3 d5 3. Bg2 Nf6 4. Nf3 dxc4 5. Qa4+ Nbd7 6. Qxc4 a6 7. Qb3 c5 8. a4
Rb8 9. d3 Bd6 10. Na3 b6 11. Nc4 Bc7 12. Bf4 Bxf4 13. gxf4 Qc7 14. Nfe5 Bb7 15.
Bxb7 Rxb7 16. Nxd7 Nxd7 17. Qc3 O-O 18. Rg1 f6 19. e3 b5 20. axb5 axb5 21. Nd2
e5 22. f5 Kh8 23. Ke2 Nb6 24. Rgc1 c4 25. dxc4 bxc4 26. b3 Qf7 27. bxc4 Qh5+ 28.
Ke1 Qxh2 29. Rcb1 Qh1+ 30. Nf1 Nd7 31. Qa3 Rc8 32. Qd6 h6 33. Rxb7 Qxb7 34. Nd2
Qh1+ 35. Nf1 Nc5 36. Ra5 Ne4 37. Qd7 Rb8 38. Rb5 Ra8 39. Ra5 Rb8 40. Rb5 Rg8 41.
Qd5 Qf3 42. Rb2 Qxf5 43. c5 Rc8 44. c6 Ra8 45. Ra2 Qxf2+ 46. Rxf2 Ra1+ 47. Qd1
Rxd1+ 48. Kxd1 Nxf2+ 49. Kc2 Ne4 50. c7 Nd6 51. Ng3 Kg8 52. Kb3 Kf7 53. Nf5 Nc8
54. Kc4 g6 55. Nxh6+ Ke6 56. Kc5 f5 57. Kc6 e4 58. Kb7 Nd6+ 59. Kc6 Nc8 60. Kb7
Nd6+ 61. Kc6 f4 62. exf4 Nc8 63. Kb7 Nd6+ 64. Kc6 Nc8 65. Kb7 Nd6+ 66. Kc6 Nc8
67. Kb7 1/2-1/2

[Event "27th Czech Open A 2016"]
[Site "Pardubice CZE"]
[Date "2016.07.25"]
[Round "4.3"]
[White "Cerveny, Martin"]
[Black "Duzhakov, Ilya"]
[Result "1/2-1/2"]
[WhiteTitle "IM"]
[BlackTitle "FM"]
[WhiteElo "2384"]
[BlackElo "2404"]
[WhiteFideId "321141"]
[BlackFideId "4192516"]
[EventDate "2016.07.22"]

1. c4 c5 2. Nf3 Nf6 3. g3 g6 4. Bg2 Bg7 5. O-O d5 6. cxd5 Nxd5 7. Nc3 Nc6 8. Qb3
Nc7 9. d3 O-O 10. Qa4 Nd4 11. Nxd4 cxd4 12. Ne4 Bd7 13. Qa5 Bc6 14. Bf4 Ne6 15.
Qxd8 Rfxd8 16. Bd2 Rac8 17. Rfc1 f5 18. Ng5 Nxg5 19. Bxc6 Rxc6 20. Rxc6 bxc6 21.
Bxg5 Rb8 22. b3 Kf7 23. Rc1 Rb6 24. Rc4 Ra6 25. a4 Ke8 26. Bd2 Rb6 27. b4 Kd7
28. f4 Kd6 29. Kf2 Rb7 30. Bc1 Kd5 31. Kf3 Bf6 32. Ba3 Rb6 33. Rc5+ Kd6 34. Rc4
Kd5 35. h3 h5 36. Rc5+ Kd6 37. g4 fxg4+ 38. hxg4 hxg4+ 39. Kxg4 Kd7 40. Kf3 Rb8
41. Ra5 Rb7 42. Ke4 e6 43. b5 cxb5 44. Rxb5 Rc7 45. Bc5 a6 46. Ra5 Bd8 47. Bb6
Rc2 48. Bxd8 Rxe2+ 49. Kxd4 Kxd8 50. Rxa6 Ke7 51. Rc6 Rf2 52. Ke3 Ra2 53. Rc4
Kf6 54. Re4 Ke7 55. Rb4 Kf6 56. Ke4 Ra1 57. Kd4 Ra3 58. Rc4 g5 59. fxg5+ Kxg5
60. Rc5+ Kf6 61. Ra5 Ke7 62. Ra8 Kd6 63. Ke4 Ra1 64. a5 Re1+ 65. Kd4 Kc6 66.
Rc8+ Kd6 67. Rb8 e5+ 68. Kc3 Ra1 69. Ra8 Kc5 70. Kd2 Kd4 71. Kc2 Kc5 72. a6 Kb6
73. Kc3 Rc1+ 74. Kd2 Rh1 75. Ke3 Re1+ 76. Kf3 Rf1+ 77. Ke4 Re1+ 78. Kf5 Re3 79.
Rd8 Kxa6 80. Rd5 Kb6 1/2-1/2

[Event "27th Czech Open A 2016"]
[Site "Pardubice CZE"]
[Date "2016.07.25"]
[Round "4.4"]
[White "Ganguly, Surya Shekhar"]
[Black "Konguvel, Ponnuswamy"]
[Result "1/2-1/2"]
[WhiteTitle "GM"]
[BlackTitle "IM"]
[WhiteElo "2676"]
[BlackElo "2379"]
[WhiteFideId "5002150"]
[BlackFideId "5000548"]
[EventDate "2016.07.22"]

1. d4 Nf6 2. c4 g6 3. f3 c5 4. d5 d6 5. e4 Bg7 6. Ne2 e6 7. Nbc3 exd5 8. cxd5
O-O 9. Ng3 a6 10. a4 h5 11. Be2 h4 12. Nf1 Nh7 13. Ne3 b6 14. O-O Ra7 15. Nc4 f5
16. Bf4 Bd4+ 17. Kh1 Rf6 18. e5 dxe5 19. Bxe5 Bxe5 20. Nxe5 f4 21. Bc4 Kg7 22.
Ne4 Rf5 23. Ng4 Rf8 24. Qd2 Bxg4 25. fxg4 g5 26. d6 Nd7 27. Rfe1 Ndf6 28. Nf2
Re8 29. Be6 Rae7 30. d7 1/2-1/2

[Event "27th Czech Open A 2016"]
[Site "Pardubice CZE"]
[Date "2016.07.25"]
[Round "4.5"]
[White "Movsesian, Sergei"]
[Black "Hirneise, Tobias"]
[Result "1-0"]
[WhiteTitle "GM"]
[BlackTitle "IM"]
[WhiteElo "2666"]
[BlackElo "2452"]
[WhiteFideId "310204"]
[BlackFideId "24600881"]
[EventDate "2016.07.22"]

1. e4 e5 2. Nf3 Nc6 3. Nc3 Nf6 4. Bb5 Bb4 5. O-O O-O 6. d3 Bxc3 7. bxc3 d6 8.
Bg5 Qe7 9. Re1 Nd8 10. d4 h6 11. Bd2 Bg4 12. h3 Bh5 13. g4 Bg6 14. Bd3 c5 15.
Nh4 cxd4 16. cxd4 Ne6 17. c3 exd4 18. cxd4 d5 19. Nxg6 fxg6 20. exd5 Nxd5 21.
Qb3 Qd6 22. Bb4 Nxb4 23. Rxe6 Qd5 24. Bc4 1-0

[Event "27th Czech Open A 2016"]
[Site "Pardubice CZE"]
[Date "2016.07.25"]
[Round "4.6"]
[White "Zanan, Evgeny"]
[Black "Laznicka, Viktor"]
[Result "0-1"]
[WhiteTitle "FM"]
[BlackTitle "GM"]
[WhiteElo "2450"]
[BlackElo "2654"]
[WhiteFideId "24101940"]
[BlackFideId "316385"]
[EventDate "2016.07.22"]

1. Nf3 c5 2. c3 Nf6 3. d4 e6 4. Bf4 b6 5. e3 Be7 6. h3 O-O 7. Nbd2 d5 8. Bd3 Ba6
9. Bxa6 Nxa6 10. O-O Qc8 11. Qe2 Qb7 12. c4 Rfd8 13. Rfd1 Rac8 14. Rac1 h6 15.
cxd5 exd5 16. dxc5 bxc5 17. b3 Nb4 18. Nb1 Ne4 19. Be5 Rc6 20. Nc3 Re6 21. Na4
Nc6 22. Bf4 g5 23. Bh2 d4 24. Qc4 Qd7 25. exd4 cxd4 26. Ne1 Ba3 27. Ra1 Bd6 28.
Nd3 Bxh2+ 29. Kxh2 Qd6+ 30. Kg1 Ne5 31. Nxe5 Qxe5 32. Qd3 Nxf2 33. Kxf2 Qh2 34.
Re1 Rf6+ 35. Ke2 Re8+ 0-1

[Event "27th Czech Open A 2016"]
[Site "Pardubice CZE"]
[Date "2016.07.25"]
[Round "4.7"]
[White "Kravtsiv, Martyn"]
[Black "Kozionov, Kirill"]
[Result "1-0"]
[WhiteTitle "GM"]
[BlackTitle "IM"]
[WhiteElo "2631"]
[BlackElo "2440"]
[WhiteFideId "14113147"]
[BlackFideId "24101729"]
[EventDate "2016.07.22"]

1. Nf3 Nf6 2. c4 c6 3. g3 g6 4. b3 Bg7 5. Bb2 O-O 6. Bg2 d5 7. O-O Bg4 8. d3
Nbd7 9. Nbd2 a5 10. h3 Bxf3 11. Nxf3 Qb6 12. Qc2 Rfc8 13. Rfc1 Qd8 14. e4 dxe4
15. dxe4 Nc5 16. Rd1 Qc7 17. Be5 Qb6 18. Bd4 Nfd7 19. e5 Qc7 20. Re1 a4 21. b4
Ne6 22. Bc3 Nb6 23. Qe4 a3 24. h4 c5 25. b5 Ra4 26. Bf1 Rd8 27. Rad1 Rd7 28. Qc2
Bh6 29. h5 Rxd1 30. Rxd1 Kg7 31. hxg6 hxg6 32. Rd6 Nd4 33. Nxd4 cxd4 34. Bxd4
Rxc4 35. Bxc4 Nxc4 36. e6+ Kf8 37. Qxc4 1-0

[Event "27th Czech Open A 2016"]
[Site "Pardubice CZE"]
[Date "2016.07.25"]
[Round "4.8"]
[White "Kononenko, Dmitry1"]
[Black "Lalic, Bogdan"]
[Result "1/2-1/2"]
[WhiteTitle "GM"]
[BlackTitle "GM"]
[WhiteElo "2621"]
[BlackElo "2436"]
[WhiteFideId "14113007"]
[BlackFideId "409081"]
[EventDate "2016.07.22"]

1. e4 e5 2. Nf3 Nc6 3. Bb5 a6 4. Ba4 Nf6 5. O-O Be7 6. Re1 b5 7. Bb3 d6 8. c3
O-O 9. d4 Bg4 10. Be3 Bh5 11. h3 exd4 12. cxd4 d5 13. e5 Ne4 14. Nc3 Nxc3 15.
bxc3 Na5 16. Bc2 Nc4 17. g4 Bg6 18. Bf5 a5 19. Bf4 1/2-1/2

[Event "27th Czech Open A 2016"]
[Site "Pardubice CZE"]
[Date "2016.07.25"]
[Round "4.9"]
[White "Carlsson, Pontus"]
[Black "Gopal, G.N."]
[Result "1/2-1/2"]
[WhiteTitle "GM"]
[BlackTitle "GM"]
[WhiteElo "2435"]
[BlackElo "2565"]
[WhiteFideId "1705814"]
[BlackFideId "5015693"]
[EventDate "2016.07.22"]

1. e4 c5 2. Nf3 d6 3. d4 cxd4 4. Nxd4 Nf6 5. Nc3 a6 6. Bg5 Nbd7 7. Bc4 Qb6 8.
O-O e6 9. Bb3 Be7 10. Be3 Nc5 11. f4 Qc7 12. Qf3 b5 13. e5 Bb7 14. Qg3 dxe5 15.
fxe5 Nfd7 16. Rad1 Qxe5 17. Bf4 Qf6 18. Ndxb5 axb5 19. Nxb5 O-O 20. Bd6 Bxd6 21.
Nxd6 Qe7 22. Rde1 Bc6 23. c3 Nxb3 24. axb3 Ra2 25. Re2 Nf6 26. Nf5 Qc5+ 27. Nd4
Bb5 28. Re5 Nd5 29. Rd1 Rxb2 30. c4 Bc6 31. Kh1 Ra8 32. Nxc6 Qxc6 33. cxd5 exd5
34. h4 h6 35. Rexd5 Raa2 36. Qd3 Qg6 37. Qxg6 fxg6 38. Rg1 Rxb3 39. Rd4 Rbb2 40.
Rf4 Kh7 41. Kh2 h5 42. Rd4 Kh6 43. Rd6 Rb4 44. Kh3 Rb3+ 45. Kh2 Re3 46. Rgd1
Ree2 47. Rg1 Kh7 48. Rd5 Re4 49. Kh3 Ra3+ 50. g3 Rg4 51. Rg2 Rf3 52. Rg1 Re4 53.
Rg2 Re1 54. Rgd2 Ree3 55. Rg2 Ra3 56. Kh2 Rfe3 57. Kh3 Rab3 58. Kh2 Rf3 59. Kh3
Kg8 60. Rg5 Kh7 61. Rd5 Kh6 62. Rd6 Rbc3 63. Kh2 Rfe3 64. Rd5 Rc4 65. Kh3 Rg4
66. Rd6 Rc3 67. Kh2 Kh7 68. Rd5 Rb3 69. Kh3 Ra4 70. Rgd2 Raa3 71. Rg5 Ra1 72.
Kg2 Rbb1 73. Kh3 Rf1 74. Rgd5 Rab1 75. Re2 Rh1+ 76. Rh2 Rhf1 77. Re2 Rf3 78.
Red2 Rg1 79. Rg2 Rh1+ 80. Rh2 Rxh2+ 81. Kxh2 Rf5 82. Rd6 g5 83. hxg5 Rxg5 84.
Kh3 Rg4 85. Rc6 g6 86. Rc5 Rd4 87. Rb5 Kg7 88. Rb7+ Kf6 89. Rb6+ Kg5 90. Rb5+
Kh6 91. Rb6 Rd5 92. Kh4 Ra5 93. Rc6 Ra2 94. Kh3 Rf2 95. Rb6 Kg5 96. Rb5+ Kf6 97.
Rb6+ Kg5 98. Rb5+ Rf5 99. Rb4 Re5 100. Rb8 Kf6 101. Rf8+ Kg7 102. Ra8 g5 103.
Kg2 Kf6 104. Rf8+ Kg6 105. Rf2 Re4 106. Kh2 Re3 107. Kg2 g4 108. Rf4 Re2+ 109.
Kg1 Ra2 110. Kf1 Kg5 111. Rf8 h4 112. Rg8+ Kf5 113. Rf8+ Ke4 114. gxh4 g3 115.
h5 Rh2 116. Kg1 Rxh5 117. Kg2 Rf5 118. Rxf5 Kxf5 119. Kxg3 1/2-1/2

[Event "27th Czech Open A 2016"]
[Site "Pardubice CZE"]
[Date "2016.07.25"]
[Round "4.10"]
[White "Zakhartsov, Viacheslav V."]
[Black "Visakh, N R"]
[Result "1/2-1/2"]
[WhiteTitle "GM"]
[BlackTitle "IM"]
[WhiteElo "2532"]
[BlackElo "2431"]
[WhiteFideId "4115333"]
[BlackFideId "25012223"]
[EventDate "2016.07.22"]

1. d4 Nf6 2. c4 e6 3. Nf3 Bb4+ 4. Bd2 c5 5. Bxb4 cxb4 6. g3 O-O 7. Bg2 a5 8. O-O
d6 9. Qd3 Qe7 10. Nbd2 h6 11. e4 e5 12. Ne1 Nc6 13. Nc2 exd4 14. f4 Qc7 15. Kh1
Qb6 16. Nf3 Nd7 17. Ncxd4 Nc5 18. Qc2 Nxd4 19. Nxd4 Re8 20. Rad1 Bd7 21. Rfe1
Rad8 22. h3 Re7 23. Kh2 Rde8 24. Re2 a4 25. Rde1 b3 26. axb3 axb3 27. Qd2 g6 28.
Bf3 Qa6 29. Qc3 b5 30. Nxb3 Na4 31. Qa5 Qb7 32. Qb4 Qa6 33. cxb5 Qxb5 34. Qxb5
Bxb5 35. Rd2 Bc6 36. Rxd6 Bxe4 37. Rxe4 Rxe4 38. Bxe4 1/2-1/2

[Event "27th Czech Open A 2016"]
[Site "Pardubice CZE"]
[Date "2016.07.25"]
[Round "4.11"]
[White "Boruchovsky, Avital"]
[Black "Vetoshko, Volodymyr"]
[Result "1/2-1/2"]
[WhiteTitle "GM"]
[BlackTitle "IM"]
[WhiteElo "2531"]
[BlackElo "2430"]
[WhiteFideId "2800055"]
[BlackFideId "14122480"]
[EventDate "2016.07.22"]

1. d4 Nf6 2. c4 e6 3. Nf3 d5 4. g3 dxc4 5. Bg2 c5 6. O-O Nc6 7. dxc5 Qxd1 8.
Rxd1 Bxc5 9. Nbd2 c3 10. bxc3 O-O 11. Nb3 Be7 12. c4 Bd7 13. Bb2 Rfd8 14. Nfd4
Rac8 15. Nb5 b6 16. Nd6 Rc7 17. Nb5 Rcc8 18. Nd6 Rc7 19. Ba3 Ne5 20. Nb5 Bxb5
21. Rxd8+ Bxd8 22. cxb5 Nc4 23. Bb4 Be7 24. Bxe7 Rxe7 25. Rc1 Nd6 26. Nd4 g5 27.
a4 Kg7 28. Nc6 Rc7 29. Rd1 Nb7 30. h3 Nc5 31. Rd4 Rd7 32. Rc4 Ne8 33. Kh2 h6 34.
a5 Nd6 35. Rc1 Nxb5 36. Nxa7 Rxa7 37. axb6 Ra6 38. Rxc5 1/2-1/2

[Event "27th Czech Open A 2016"]
[Site "Pardubice CZE"]
[Date "2016.07.25"]
[Round "4.12"]
[White "Cvek, Robert"]
[Black "Grinberg, Eyal"]
[Result "1/2-1/2"]
[WhiteTitle "GM"]
[BlackTitle "FM"]
[WhiteElo "2522"]
[BlackElo "2431"]
[WhiteFideId "307424"]
[BlackFideId "2806070"]
[EventDate "2016.07.22"]

1. d4 d5 2. c4 c6 3. Nf3 Nf6 4. e3 e6 5. b3 c5 6. cxd5 Nxd5 7. Bb2 cxd4 8. Nxd4
Bb4+ 9. Nd2 O-O 10. a3 Bc3 11. Bxc3 Nxc3 12. Qc2 Nd5 13. Bd3 h6 14. O-O Bd7 15.
Rac1 Nc6 16. N4f3 Rc8 17. Qb2 Qf6 18. Qxf6 Nxf6 19. Rfd1 Rfd8 20. Kf1 Be8 21.
Ke2 Nd5 22. Be4 Nce7 23. Nc4 Rd7 24. Bxd5 Nxd5 25. a4 Rdc7 26. Nfd2 b5 27. axb5
Bxb5 28. Kf3 Nb6 29. Ra1 Bxc4 30. Nxc4 Nxc4 31. bxc4 1/2-1/2

[Event "27th Czech Open A 2016"]
[Site "Pardubice CZE"]
[Date "2016.07.25"]
[Round "4.13"]
[White "Demidov, Mikhail"]
[Black "Praggnanandhaa, R"]
[Result "1-0"]
[WhiteTitle "IM"]
[BlackTitle "FM"]
[WhiteElo "2514"]
[BlackElo "2429"]
[WhiteFideId "4197143"]
[BlackFideId "25059530"]
[EventDate "2016.07.22"]

1. d4 Nf6 2. Nf3 g6 3. g3 Bg7 4. Bg2 d5 5. O-O O-O 6. c4 c6 7. Qa4 dxc4 8. Qxc4
Bf5 9. Nc3 Nbd7 10. Qb3 Qb6 11. Qa3 e5 12. dxe5 Ng4 13. Na4 Qa6 14. Nd4 Be6 15.
Nxe6 fxe6 16. Qb3 Rae8 17. Nc3 Ngxe5 18. Qc2 Nf6 19. h3 Kh8 20. b3 Nd5 21. Bb2
Qb6 22. Na4 Qb5 23. a3 Nd7 24. e4 Bxb2 25. Nxb2 N5b6 26. a4 Qc5 27. Qd2 Rd8 28.
a5 Ne5 29. Qe2 Nc8 30. a6 b5 31. Rad1 Nb6 32. Kh2 Rxd1 33. Nxd1 Rd8 34. f4 Nd3
35. Ne3 Rd4 36. f5 Ne5 37. Qf2 Rd3 38. fxe6 Kg8 39. Qf6 Nc8 40. Nd5 cxd5 41.
Qxe5 Qd6 42. Qxd6 Nxd6 43. exd5 b4 44. e7 Kg7 45. Rf8 Re3 46. Rd8 Rxe7 47. Rxd6 1-0

[Event "27th Czech Open A 2016"]
[Site "Pardubice CZE"]
[Date "2016.07.25"]
[Round "4.14"]
[White "Ponizil, Cyril"]
[Black "Bilguun, Sumiya"]
[Result "1-0"]
[WhiteTitle "IM"]
[BlackTitle "FM"]
[WhiteElo "2510"]
[BlackElo "2419"]
[WhiteFideId "322202"]
[BlackFideId "4901541"]
[EventDate "2016.07.22"]

1. e4 c5 2. Nf3 e6 3. d4 cxd4 4. Nxd4 a6 5. Nc3 Qc7 6. g3 b5 7. Bg2 Bb7 8. O-O
Nf6 9. Re1 d6 10. a4 b4 11. Nd5 exd5 12. exd5+ Kd8 13. Bg5 Qc4 14. c3 b3 15.
Bxf6+ gxf6 16. Qh5 Qc7 17. Re3 Bc8 18. Rae1 Qd7 19. Ne6+ fxe6 20. dxe6 Qa7 21.
e7+ Bxe7 22. Rxe7 Bd7 23. Qf7 Kc7 24. Qxf6 Rd8 25. Rd1 Kc8 26. Qxd6 a5 27. Rd4
Qa6 28. Bxa8 1-0

[Event "27th Czech Open A 2016"]
[Site "Pardubice CZE"]
[Date "2016.07.25"]
[Round "4.15"]
[White "Zakhartsov, Vladimir"]
[Black "Krejci, Jan2"]
[Result "1-0"]
[WhiteTitle "IM"]
[BlackTitle "GM"]
[WhiteElo "2429"]
[BlackElo "2504"]
[WhiteFideId "4145097"]
[BlackFideId "322156"]
[EventDate "2016.07.22"]

1. e4 c5 2. Nf3 d6 3. d4 cxd4 4. Nxd4 Nf6 5. Nc3 Nc6 6. Bg5 e6 7. Qd2 a6 8.
O-O-O Be7 9. Bxf6 gxf6 10. f4 Nxd4 11. Qxd4 b5 12. e5 d5 13. Bd3 Bd7 14. Rhe1 f5
15. Nxd5 Bc6 16. Nf6+ Bxf6 17. Qc5 Qd5 18. Qxd5 Bxd5 19. exf6 O-O-O 20. a4 bxa4
21. Bxa6+ Kc7 22. Bb5 Ra8 23. c4 Bc6 24. Re5 Bxb5 25. Rxb5 Rhg8 26. g3 Rg6 27.
Kc2 Rxf6 28. Kc3 a3 29. bxa3 Rxa3+ 30. Kb4 Ra2 31. Rc5+ Kb6 32. Rd6+ Kb7 33.
Rd7+ Kb8 34. Rcc7 Rxh2 35. Kc5 h5 36. Kd6 Rd2+ 37. Ke7 Rxd7+ 38. Rxd7 Rh6 39.
Rd2 e5 40. Kd7 h4 41. c5 f6 42. Rb2+ Ka7 43. c6 hxg3 44. c7 Rh2 45. c8=Q Rxb2
46. Qc5+ Kb7 47. Qc6+ Kb8 48. Qc7+ Ka8 49. Kc8 1-0

[Event "27th Czech Open A 2016"]
[Site "Pardubice CZE"]
[Date "2016.07.25"]
[Round "4.16"]
[White "Vokac, Marek"]
[Black "Yuffa, Daniil"]
[Result "0-1"]
[WhiteTitle "GM"]
[BlackTitle "IM"]
[WhiteElo "2415"]
[BlackElo "2502"]
[WhiteFideId "300101"]
[BlackFideId "24131423"]
[EventDate "2016.07.22"]

1. d4 d5 2. c4 c6 3. Nf3 Nf6 4. Nc3 a6 5. c5 Bf5 6. Bf4 Nbd7 7. e3 Nh5 8. Nh4
Nxf4 9. Nxf5 g6 10. Ng3 Ne6 11. Bd3 Bg7 12. O-O O-O 13. Qd2 Nc7 14. f4 e6 15. b4
Bh6 16. Qf2 b6 17. Na4 bxc5 18. Nxc5 Qe7 19. Rfc1 Rfb8 20. Nb3 Qxb4 21. Rxc6 Nb5
22. Rac1 a5 23. Qe2 Bf8 24. f5 exf5 25. Nxf5 Rb7 26. Nd2 gxf5 27. Bxf5 Bg7 28.
Nf3 Nd6 29. Bxd7 Rxd7 30. Ne5 Bxe5 31. dxe5 Nf5 32. Qh5 Ng7 33. Qg5 Re8 34. Rc8
Qf8 35. R8c5 Qe7 36. Qg4 h5 37. Qa4 Rdd8 38. e4 Qxe5 39. exd5 Qe3+ 40. Kf1 Qe2+
41. Kg1 Qe3+ 42. Kf1 Re4 0-1

[Event "27th Czech Open A 2016"]
[Site "Pardubice CZE"]
[Date "2016.07.25"]
[Round "4.17"]
[White "Belyakov, Bogdan"]
[Black "Grekh, Andrey"]
[Result "1/2-1/2"]
[WhiteTitle "IM"]
[BlackTitle "IM"]
[WhiteElo "2488"]
[BlackElo "2347"]
[WhiteFideId "24104795"]
[BlackFideId "14112418"]
[EventDate "2016.07.22"]

1. e4 c5 2. Nf3 e6 3. c3 d5 4. exd5 Qxd5 5. Na3 Nf6 6. d4 a6 7. Nc4 Nbd7 8. Ne3
Qc6 9. a4 b6 10. Be2 Bb7 11. O-O Be7 12. Ne5 Nxe5 13. dxe5 Rd8 14. Qc2 Nd5 15.
Bf3 Qc7 16. Nxd5 Bxd5 17. Bxd5 Rxd5 18. c4 Rd7 19. Bd2 O-O 20. Bc3 a5 21. Rae1
Qc6 22. Re3 f5 23. exf6 Bxf6 24. Bxf6 Rxf6 25. b3 Rd4 26. Rh3 h6 27. Re3 Qd6 28.
h3 Rd2 29. Qe4 Qd4 30. Qxd4 cxd4 31. Re5 d3 32. f3 Rb2 33. Rd1 Rxb3 34. Rb5 Rc3
35. Rxb6 Rxc4 36. Rxd3 Rxa4 37. Re3 Ra1+ 38. Kh2 Kf7 1/2-1/2

[Event "27th Czech Open A 2016"]
[Site "Pardubice CZE"]
[Date "2016.07.25"]
[Round "4.18"]
[White "Mohammad, Nubairshah Shaikh"]
[Black "Potapov, Pavel"]
[Result "1/2-1/2"]
[BlackTitle "GM"]
[WhiteElo "2415"]
[BlackElo "2483"]
[WhiteFideId "5053196"]
[BlackFideId "4169786"]
[EventDate "2016.07.22"]

1. Nf3 f5 2. d4 Nf6 3. c4 g6 4. Nc3 Bg7 5. Bf4 d6 6. h3 O-O 7. e3 Nc6 8. Bh2 e6
9. Be2 Qe7 10. O-O h6 11. Rc1 g5 12. d5 Nd8 13. dxe6 Nxe6 14. b4 a5 15. Nd5 Qf7
16. c5 Nxd5 17. Qxd5 c6 18. Qb3 d5 19. Bd6 Re8 20. b5 Bd7 21. bxc6 Bxc6 22. Rfd1
a4 23. Qb4 a3 24. Ne5 Bxe5 25. Bxe5 Nxc5 26. Ba1 Ne4 27. Qd4 Qh7 28. Bb5 Rac8
29. Rc2 Qg6 30. Rdc1 Kf7 31. f3 Ng3 32. Kf2 f4 33. Bd3 Nf5 34. Bb5 Ng3 35. exf4
Nf5 36. Qa7 gxf4 37. Rxc6 Qg3+ 38. Kg1 Re1+ 39. Bf1 Rxc1 40. Qxb7+ Ne7 1/2-1/2

[Event "27th Czech Open A 2016"]
[Site "Pardubice CZE"]
[Date "2016.07.25"]
[Round "4.19"]
[White "Smirnov, Anton"]
[Black "Gahan, M G"]
[Result "1-0"]
[WhiteTitle "IM"]
[WhiteElo "2478"]
[BlackElo "2249"]
[WhiteFideId "3208923"]
[BlackFideId "5027373"]
[EventDate "2016.07.22"]

1. e4 g6 2. d4 Bg7 3. Nc3 d5 4. exd5 Nf6 5. Bc4 Nbd7 6. Nf3 Nb6 7. Bb3 O-O 8.
O-O Nbxd5 9. Nxd5 Nxd5 10. Re1 c6 11. h3 a5 12. c3 b5 13. a4 b4 14. c4 Nb6 15.
Ne5 Bb7 16. Bf4 Nd7 17. c5 Bxe5 18. Bxe5 Nxe5 19. Rxe5 e6 20. Qd2 Qf6 21. Rae1
Rad8 22. R1e4 Rd7 23. Qe3 Qg7 24. Rxe6 fxe6 25. Bxe6+ Rdf7 26. Bxf7+ Rxf7 27.
Re8+ Rf8 28. Re7 Rf7 29. Qe6 Qf6 30. Qxf6 Rxf6 31. Rxb7 1-0